|
|
|
|
| LEADER |
00000nam a2200000 i 4500 |
| 001 |
1/19707 |
| 008 |
960702s1970 eng d |
| 035 |
|
|
|l 10021372
|
| 040 |
|
|
|a GR-MY-UA
|b gre
|e aacr
|
| 041 |
0 |
|
|a eng
|
| 082 |
0 |
|
|a 510.502433
|
| 100 |
1 |
|
|a Merrill, William C.
|q (William Charles)
|d 1934-
|
| 245 |
1 |
0 |
|a Introduction to economic statistics /
|c William C.Merrill, Karl A.Fox
|
| 260 |
|
|
|a New York, London :
|b Wiley,
|c 1970
|
| 300 |
|
|
|a 658 p.
|
| 500 |
|
|
|a Includes index
|
| 650 |
0 |
0 |
|a Statistics.
|
| 700 |
1 |
|
|a Fox, Karl August
|d 1917-
|
| 852 |
|
|
|a INST
|b CHIOS
|e 19960702
|h 519.502433 MER
|p 005200007346
|q 005200007346
|t BK
|y 0
|
| 909 |
|
|
|a Χ
|b 013325
|